000
00244nam a22001097a 4500
082
_a
954.92 MAT'D
100
_a
MATIUR, RAHMAN
_9
75854
245
_a
DIALOGUE ON BANGLADESH
260
_a
ISLAMABAD
_b
NATIONAL
_c
1979
300
_a
32P
942
_c
BK
999
_c
581264
_d
581264